El lenguaje en la sociedad: una introducción a la sociolingüística
সংরক্ষণ করুন:
| প্রধান লেখক: | |
|---|---|
| বিন্যাস: | গ্রন্থ |
| ভাষা: | স্প্যানিশ |
| প্রকাশিত: |
Barcelona
Ariel
1996
|
| মালা: | Ariel Lingüística
|
| বিষয়গুলি: | |
| ট্যাগগুলো: |
ট্যাগ যুক্ত করুন
কোনো ট্যাগ নেই, প্রথমজন হিসাবে ট্যাগ করুন!
|
MARC
| LEADER | 00000nam a2200000 a 4500 | ||
|---|---|---|---|
| 001 | UCN0675 | ||
| 003 | CL-VaPUC | ||
| 008 | 010330e19960000SP |||||||||||||||||spa|d | ||
| 020 | |a 8434482169 | ||
| 082 | 0 | 4 | |a 306.44 |b ROM |2 21 |
| 100 | 0 | |a Romaine, Suzanne |e author |9 455850 | |
| 245 | 1 | 3 | |a El lenguaje en la sociedad: una introducción a la sociolingüística |
| 300 | |a 271 p | ||
| 942 | |c BK | ||
| 945 | |d 20010330 00:00:00 |a cmena | ||
| 260 | |a Barcelona |b Ariel |c 1996 | ||
| 650 | 0 | |a Sociolingüística |9 263716 | |
| 650 | 7 | |a DIALECTOS |2 CL-VaPUC |9 348323 | |
| 650 | 0 | |a Multilingüismo |9 416318 | |
| 650 | 0 | |a Problemas sociales |9 258537 | |
| 583 | |a last modification |c 20010330 00:00:00 |k Rodrigo Vera | ||
| 490 | 0 | |a Ariel Lingüística | |
| 999 | |c 294312 |d 294310 | ||
| 952 | |0 0 |1 0 |4 0 |6 306_440000000000000_ROM_1996 |7 0 |8 A |9 346576 |a FDOPOS |b FDOPOS |d 2019-11-20 |i 3701395 |o 306.44 ROM 1996 |p 3701395 |r 2025-01-22 |w 2019-11-20 |y BK |k MLA | ||
| 952 | |0 0 |1 0 |4 0 |6 306_440000000000000_ROM_1996 |7 0 |8 A |9 346577 |a FDOPOS |b FDOPOS |d 2019-11-20 |i 3719359 |o 306.44 ROM 1996 |p 3719359 |r 2025-01-22 |w 2019-11-20 |y BK |k MLA | ||
| 952 | |0 0 |1 0 |4 0 |6 306_440000000000000_ROM_1996 |7 0 |8 A |9 346578 |a FDOPOS |b FDOPOS |d 2019-11-20 |i 402995K |o 306.44 ROM 1996 |p 402995K |r 2025-01-22 |w 2019-11-20 |y BK |k MLA | ||